| 000 | 00648nam a22001937a 4500 | ||
|---|---|---|---|
| 008 | 260413b |||||||| |||| 00| 0 eng d | ||
| 020 | _a9781779321954 | ||
| 040 |
_aCUZ _beng _cCUZ _drda _eCUZ |
||
| 050 | _aRC531.W28WAS | ||
| 100 | _aHenry Wasosa | ||
| 245 |
_aResilience in the shadows: _bMajor depressive disorder and indigenous coping strategies in African societies _cby Henry Wasosa |
||
| 264 |
_aHarare _bRayna publishing house _c©2025 |
||
| 300 | _aextent vi, 121pages | ||
| 336 |
_atext _btxt |
||
| 337 |
_aunmediated _bn |
||
| 338 | _2rdacarrier | ||
| 650 | _aPsychology | ||
| 942 |
_cOS _i531.W28WAS _kRC |
||
| 999 |
_c45585 _d45585 |
||